<?xml version="1.0" encoding="UTF-8"?>
<collection xmlns="http://www.loc.gov/MARC21/slim">
<record>
  <controlfield tag="001">78871</controlfield>
  <controlfield tag="005">20210520140808.0</controlfield>
  <datafield tag="037" ind1=" " ind2=" ">
    <subfield code="a">TESIS-2019-072</subfield>
  </datafield>
  <datafield tag="041" ind1=" " ind2=" ">
    <subfield code="a">spa</subfield>
  </datafield>
  <datafield tag="080" ind1=" " ind2=" ">
    <subfield code="a">31</subfield>
  </datafield>
  <datafield tag="100" ind1="1" ind2=" ">
    <subfield code="a">Neyra Soupplet, Raquel</subfield>
  </datafield>
  <datafield tag="245" ind1="0" ind2="0">
    <subfield code="a">Cambios en el metabolismo social y la generación de conflictos socioambientales en el Perú</subfield>
  </datafield>
  <datafield tag="260" ind1=" " ind2=" ">
    <subfield code="a">Zaragoza</subfield>
    <subfield code="b">Universidad de Zaragoza, Prensas de la Universidad</subfield>
    <subfield code="c">2019</subfield>
  </datafield>
  <datafield tag="300" ind1=" " ind2=" ">
    <subfield code="a">592</subfield>
  </datafield>
  <datafield tag="490" ind1="0" ind2=" ">
    <subfield code="a">Tesis de la Universidad de Zaragoza</subfield>
    <subfield code="x">2254-7606</subfield>
    <subfield code="v">2019-52</subfield>
  </datafield>
  <datafield tag="500" ind1=" " ind2=" ">
    <subfield code="a">Presentado:  23 01 2019</subfield>
  </datafield>
  <datafield tag="502" ind1=" " ind2=" ">
    <subfield code="a">Tesis-Univ. Zaragoza, Psicología y Sociología, 2019</subfield>
    <subfield code="b">Zaragoza, Universidad de Zaragoza</subfield>
    <subfield code="c">2019</subfield>
  </datafield>
  <datafield tag="520" ind1=" " ind2=" ">
    <subfield code="a">Los numerosos conflictos socio ambientales que vive el Perú son particularmente sangrientos y violentos. Para entender esto debemos partir de dos factores: Por un lado, el aumento de la extracción de energía y de materiales de las entrañas de Perú, es decir, el aumento y los cambios del “metabolismo social” en una economía extractivista que, no siendo nueva, es sin embargo más voluminosa que nunca y por otro lado, la implantancón del neoliberalismo y el rol que este sistema le ha asignado a nuestro país en la acumulación de capital a nivel mundial. Analizaremos cuáles son los actores de esta penetración, el colonialismo interno y quienes se resisten a ellos.&lt;br />La implantación del neoliberalismo en el país ha sido el resultado de una construcción paulatina por parte de los diferentes gobiernos desde el gobierno del presidente Fujimori con el famoso “Fujishok”. Veremos como los gobiernos preparan el terreno al extractivismo con la dación de leyes, la distribución de las riquezas en forma de concesiones mineras y petroleras y el rol que atribuyen a las fuerzas policiales. En el plano comunicacional se difunde y erige, entre otros, el lema “Perú, país minero”; analizaremos si esto es una certeza y las consecuencias de dirigir toda la economía hacia esa producción. La producción y exportación de los minerales e hidrocarburos ha dado lugar a mucha ganancia para las empresas extractivas; muchas actividades económicas viven de la extracción y exportación: el sector transporte terrestre, marítimo, servicios diversos, han traído bonanza económica a la capital, Lima. Observaremos qué empresas son, si son mayoritariamente transnacionales y de qué proveniencia, canadienses, estadounidenses y últimamente chinas y el historial de contaminación y de violación de DDHH que puedan tener. También el rol que juega la aparición de China dentro de la economía peruana que en muy pocos años se ha convertido en el principal receptor de las exportaciones del Perú, hecho que viene a remodelar la arquitectura de los intercambios y políticas del país y también tiene consecuencias a nivel de los partidos políticos de izquierda. &lt;br />Frente a esto los habitantes que se resiten a la penetración del extractivismo. Son las comunidades y pobladores al contacto diario con la tierra, con el agua, con el territorio, que se resisten a perder sus riquezas naturales, sus formas de vida, su identidad, su cultura, su soberanía alimentaria. Veremos quiénes son, de qué manera toman conciencia, como se organizan y actúan para reclamar sus derechos y hacer oir su voz. Así mismo, veremos qué otros actores intervienen en la resistencia para apoyarla. Analizaremos varios casos y demostraremos así que la conflictividad socioambiental es provocada por dos mundos que corren paralelamente en sentido inverso: uno busca preservar la vida y el otro extraer beneficios sin importarle las consecuencias.&lt;br /></subfield>
  </datafield>
  <datafield tag="506" ind1=" " ind2=" ">
    <subfield code="a">by-nc-nd</subfield>
    <subfield code="b">Creative Commons</subfield>
    <subfield code="c">3.0</subfield>
    <subfield code="u">http://creativecommons.org/licenses/by-nc-nd/3.0/es</subfield>
  </datafield>
  <datafield tag="520" ind1=" " ind2=" ">
    <subfield code="a">&lt;br /></subfield>
  </datafield>
  <datafield tag="521" ind1=" " ind2=" ">
    <subfield code="9">7095</subfield>
    <subfield code="a">Programa de Doctorado en Sociología de las Políticas Públicas y Sociales</subfield>
  </datafield>
  <datafield tag="653" ind1="1" ind2=" ">
    <subfield code="a">conflictos sociales</subfield>
  </datafield>
  <datafield tag="653" ind1="1" ind2=" ">
    <subfield code="a">ecologia humana</subfield>
  </datafield>
  <datafield tag="653" ind1="1" ind2=" ">
    <subfield code="a">economia de recursos naturales y análisis territorial</subfield>
  </datafield>
  <datafield tag="700" ind1=" " ind2=" ">
    <subfield code="a">BERGUA AMORES, JOSE ANGEL </subfield>
    <subfield code="e">dir.</subfield>
  </datafield>
  <datafield tag="700" ind1=" " ind2=" ">
    <subfield code="a">Martìnez Alier, Joan</subfield>
    <subfield code="e">dir.</subfield>
  </datafield>
  <datafield tag="710" ind1="2" ind2=" ">
    <subfield code="a">Universidad de Zaragoza</subfield>
    <subfield code="b">Psicología y Sociología</subfield>
  </datafield>
  <datafield tag="830" ind1=" " ind2=" ">
    <subfield code="9">507</subfield>
  </datafield>
  <datafield tag="856" ind1="0" ind2=" ">
    <subfield code="f">tdr@unizar.es</subfield>
  </datafield>
  <datafield tag="856" ind1="4" ind2=" ">
    <subfield code="u">http://zaguan.unizar.es/record/78871/files/TESIS-2019-072.pdf</subfield>
    <subfield code="z">Texto completo (spa)</subfield>
    <subfield code="s">7359375</subfield>
  </datafield>
  <datafield tag="856" ind1="4" ind2=" ">
    <subfield code="s">46886</subfield>
    <subfield code="u">http://zaguan.unizar.es/record/78871/files/Fe_de_erratas.pdf</subfield>
  </datafield>
  <datafield tag="909" ind1="C" ind2="O">
    <subfield code="o">oai:zaguan.unizar.es:78871</subfield>
    <subfield code="p">driver</subfield>
    <subfield code="p">tesis</subfield>
  </datafield>
  <datafield tag="910" ind1="2" ind2=" ">
    <subfield code="a"></subfield>
    <subfield code="b">Psicología y Sociología</subfield>
  </datafield>
  <datafield tag="980" ind1=" " ind2=" ">
    <subfield code="a">TESIS</subfield>
  </datafield>
</record>
</collection>